00363nam a2200121Ia 4500003000400000005001700004008004100021040001800062041000800080100005100088245006500139260003700204OSt20260227114952.0211028s2019 xx 000 0 und d cAIMIT LIBRARY aeng aChandan, Vaibhavi B; D'Souza, Lestan.g1716210 aStudy on employee satisfaction at trovech infotech Pvt Ltd / aMangalorebT Ramesh Kamathc2019